The house of Marwar / (Record no. 20930)

MARC details
000 -LEADER
fixed length control field 01090nam a2200325 a 4500
001 - CONTROL NUMBER
control field 2084137
003 - CONTROL NUMBER IDENTIFIER
control field BDDh-ASL
005 - DATE AND TIME OF LATEST TRANSACTION
control field 20231015025941.0
008 - FIXED-LENGTH DATA ELEMENTS--GENERAL INFORMATION
fixed length control field 940811s1994 ii a b 000 0 eng
010 ## - LIBRARY OF CONGRESS CONTROL NUMBER
LC control number 94901909
020 ## - INTERNATIONAL STANDARD BOOK NUMBER
International Standard Book Number 8174360026 :
Terms of availability Rs250.00
025 ## - OVERSEAS ACQUISITION NUMBER
Overseas acquisition number I-E-73717
040 ## - CATALOGING SOURCE
Original cataloging agency DLC
Transcribing agency DLC
Modifying agency BDDh-ASL
042 ## - AUTHENTICATION CODE
Authentication code lcode
043 ## - GEOGRAPHIC AREA CODE
Geographic area code a-ii---
050 00 - LIBRARY OF CONGRESS CALL NUMBER
Classification number DS485.J6
Item number R367 1994
082 00 - DEWEY DECIMAL CLASSIFICATION NUMBER
Classification number 954.4
Edition number 20
Item number SIH
100 1# - MAIN ENTRY--PERSONAL NAME
Personal name Singh, Dhananajaya.
245 14 - TITLE STATEMENT
Title The house of Marwar /
Statement of responsibility, etc. Dhananajaya Singh.
260 ## - PUBLICATION, DISTRIBUTION, ETC.
Place of publication, distribution, etc. New Delhi :
Name of publisher, distributor, etc. Lotus Collection, Roli Books,
Date of publication, distribution, etc. 1994.
300 ## - PHYSICAL DESCRIPTION
Extent 222 p. :
Other physical details ill. ;
Dimensions 23 cm.
504 ## - BIBLIOGRAPHY, ETC. NOTE
Bibliography, etc. note Includes bibliographical references (p. [221]-222).
520 ## - SUMMARY, ETC.
Summary, etc. Chronicle of the ruling Rathores of Marwar, an intimate history of the royal house of Jodhpur.
600 30 - SUBJECT ADDED ENTRY--PERSONAL NAME
Personal name Rathor family
General subdivision History.
651 #0 - SUBJECT ADDED ENTRY--GEOGRAPHIC NAME
Geographic name Jodhpur (Princely State)
General subdivision History
-- Chronology.
651 #0 - SUBJECT ADDED ENTRY--GEOGRAPHIC NAME
Geographic name Jodhpur (Princely State)
General subdivision Kings and rulers.
906 ## - LOCAL DATA ELEMENT F, LDF (RLIN)
a 7
b cbc
c origode
d 3
e ncip
f 19
g y-gencatlg
942 ## - ADDED ENTRY ELEMENTS (KOHA)
Source of classification or shelving scheme Dewey Decimal Classification
Koha item type Books
Holdings
Withdrawn status Lost status Source of classification or shelving scheme Damaged status Not for loan Collection code Home library Current library Shelving location Date acquired Source of acquisition Total Checkouts Full call number Barcode Date last seen Copy number Price effective from Koha item type Public note
    Dewey Decimal Classification   Not For Loan Non-fiction Asiatic Society Library Asiatic Society Library Ludden Collection 01/16/2021 Donated by Prof. David Ludden   954.4 SIH 104441 01/16/2021 C-1 01/16/2021 Books RARE

Powered by Koha